000 00480nam a2200181Ia 4500
008 240925s9999 xx 000 0 und d
020 _a71231013
082 _a004 NOR
100 _aNorton,, Peter
245 0 _aIntroduction To Computers
250 _a5th
260 _aBoston:
_bMC Graw-Hill
_c,2003.
300 _axxvi,588p.
_bNA
_fOriginal
500 _aIncludes Index
600 _aComputer Science
650 _aComputer science, information & general works
942 _cBK
999 _c8398
_d8398